All Teams to ever play in the NBA - Statistics

General Stats
  • This quiz has been taken 15 times
  • The average score is 40 of 71
Answer Stats
Answer Last Season % Correct
Boston Celtics Current
100%
Charlotte Hornets Current
100%
Los Angeles Clippers Current
100%
Dallas Mavericks Current
92%
Detroit Pistons Current
92%
Golden State Warriors Curent
92%
Houston Rockets Current
92%
Los Angeles Lakers Current
92%
Memphis Grizzlies Current
92%
Miami Heat Current
92%
New Orleans/Oklahoma City Hornets 2006-07
92%
New York Knicks Current
92%
Sacramento Kings Current
92%
San Antonio Spurs Current
92%
Seattle SuperSonics 2007-08
92%
Toronto Raptors Current
92%
Denver Nuggets Current
85%
Minnesota Timberwolves Current
85%
Oklahoma City Thunder Current
85%
Orlando Magic Current
85%
Philadelphia 76ers Current
85%
Phoenix Suns Current
85%
Portland Trail Blazers Current
85%
Washington Wizards Current
85%
Atlanta Hawks Current
77%
Brooklyn Nets Current
77%
Cleveland Cavaliers Current
77%
Indiana Pacers Current
77%
Milwaukee Bucks Current
77%
Utah Jazz Current
77%
Washington Bullets 1996-97
77%
Chicago Bulls Current
69%
New Orleans Pelicans Current
69%
New York Nets 1976-77
69%
Charlotte Bobcats 2013-14
62%
New Jersey Nets 2011-12
62%
Vancouver Grizzlies 2000-01
62%
Baltimore Bullets 1972-73
54%
Minneapolis Lakers 1959-60
54%
San Diego Clippers 1983-84
54%
Cincinnati Royals 1971-72
46%
Fort Wayne Pistons 1956-57
46%
New Orleans Jazz 1978-79
46%
St. Louis Hawks 1967-68
46%
Buffalo Braves 1977-78
38%
Kansas City Kings 1984-85
38%
New Orleans Hornets 2012-13
38%
Rochester Royals 1956-57
38%
San Francisco Warriors 1970-71
38%
Anderson Packers 1949-50
31%
Syracuse Nationals 1962-63
31%
Milwaukee Hawks 1954-55
23%
St. Louis Bombers 1949-50
23%
Chicago Packers 1961-62
15%
Chicago Zephyrs 1962-63
15%
Cleveland Rebels 1946-47
15%
Detroit Falcons 1946-47
15%
Indianapolis Jets 1948-49
15%
Providence Steamrollers 1948-49
15%
San Diego Rockets 1970-71
15%
Toronto Huskies 1946-47
15%
Tri-Cities Blackhawks 1950-51
15%
Washington Capitols 1950-51
15%
Capital Bullets 1973-74
8%
Chicago Stags 1949-50
8%
Indianapolis Olympians 1952-53
8%
Pittsburgh Ironmen 1946-47
8%
Sheboygan Red Skins 1949-50
8%
Waterloo Hawks 1949-50
8%
Kansas City-Omaha Kings 1974-75
0%
Phiadelphia Warriors 1961-62
0%
No matching quizzes found
Score Distribution
Percent of People with Each Score
Percentile by Number Answered
Your Score History
You have not taken this quiz